Clásicos Harvard de la Administración (Registro nro. 796)
[ vista simple ]
| 000 -CABECERA | |
|---|---|
| campo de control de longitud fija | 00593am a2200217a 44500 |
| 005 - FECHA Y HORA DE ACTUALIZACIÓN | |
| campo de control | 20160526180846.0 |
| 008 - LONGITUD FIJA | |
| campo de control de longitud fija | 150908b xxu||||| |||| 00| 0 spa d |
| 041 ## - IDIOMA | |
| Código de idioma del texto/pista de sonido o título separado | |
| 082 ## - CLASIFICACIÓN DECIMAL DEWEY | |
| Número de clasificación | 658 |
| Número de documento/Ítem | C614c |
| 245 ## - TÍTULO PROPIAMENTE DICHO | |
| Título | Clásicos Harvard de la Administración |
| 260 ## - PIE DE IMPRENTA | |
| Lugar de publicación, distribución, etc. | México |
| Nombre del editor, distribuidor, etc. | Educar Cultural Recreativa |
| Fecha de publicación, distribución, etc. | 1986 |
| 300 ## - DESCRIPCIÓN FÍSICA | |
| Extensión | 97 páginas |
| 500 ## - NOTA GENERAL | |
| Nota general | Volumen 3 |
| 650 ## - Materia General | |
| Materia general | ADMINISTRACION DE EMPRESAS |
| 650 ## - Materia General | |
| Materia general | DIRECTOR |
| 650 ## - Materia General | |
| Materia general | VENDERORA |
| 650 ## - Materia General | |
| Materia general | CICLO DE VIDA DEL PRODUCTO |
| 650 ## - Materia General | |
| Materia general | PASIVOS |
| 650 ## - Materia General | |
| Materia general | MOTIVACION |
| 942 ## - Punto de Acceso Adicional Koha | |
| Tipo de ítem Koha | Libro |
| Estado perdido | Estado dañado | No para préstamo | Biblioteca permanente | Biblioteca actual | Signatura completa | Código de barras | Precio efectivo a partir del | Tipo de ítem |
|---|---|---|---|---|---|---|---|---|
| Departamento de Biblioteca y Documentación Alfonso Chase Brenes | Departamento de Biblioteca y Documentación Alfonso Chase Brenes | 658 C614c | 1862 | 26/05/2016 | Libro |